Biblioteca

Saberes y sabores : (Registro nro. 68569)

Detalles MARC
000 -LÍDER
Campo fijo de descripción fija 02814cam a2200337 i 4500
001 - NÚMERO DE CONTROL
Campo de control 768714001
003 - IDENTIFICADOR DEL NÚMERO DE CONTROL
Campo de control CO-MdFUSB
005 - FECHA Y HORA DE LA ULTIMA TRANSACCIÓN
control field 20240827084456.0
007 - CAMPO FIJO DE DESCRIPCIÓN FIJA--INFORMACIÓN GENERAL
Campo fijo de descripción fija ta
008 - ELEMENTOS DE LONGITUD FIJA -- INFORMACIÓN GENERAL
Campo fijo de descripción fija -- Información general 990205t1998 sp | ||| ||spa
020 ## - NÚMERO INTERNACIONAL NORMALIZADO PARA LIBROS
Número Internacional Normalizado del libro 8427122071
040 ## - FUENTE DE CATALOGACIÓN
Agencia de catalogación original SpMaBN
Idioma de catalogación spa
Agencia que realiza la transcripción CO-MdFUSB
Convenciones de la descripción rdc
Agencia que realiza la modificación CO-MdFUSBC
041 ## - CÓDIGO DE IDIOMA
Código de idioma para texto/pista de sonido o título separado spa
082 ## - NÚMERO DE CLASIFICACIÓN DECIMAL DEWEY
Número de la edición del Dewey 23
Número de clasificación 800
Clave de autor-Numero de item SA115
245 1# - TÍTULO
Título del Material Saberes y sabores :
Parte restante del título - Subtitulo homenaje a Luis Alonso Schökel, S.J
Mención de responsabilidad, etc. / editado por Guillermo Martín Rodríguez
264 #1 - PRODUCCIÓN, PUBLICACIÓN, DISTRIBUCIÓN, MANUFACTURA, Y COPYRIGHT
Lugar de producción, publicación, distribución, manufactura Bilbao, España :
Nombre del productor, publicador, distribuidor Mensajero,
Fecha de producción, publicación, distribución, manufactura, o copyright [1998]
264 #4 - PRODUCCIÓN, PUBLICACIÓN, DISTRIBUCIÓN, MANUFACTURA, Y COPYRIGHT
Fecha de producción, publicación, distribución, manufactura, o copyright © 1998
300 ## - DESCRIPCIÓN FÍSICA
Extensión 270 páginas
Dimensiones ; 22 cm
336 ## - TIPO DE CONTENIDO
Fuente rdacontent
Término de tipo de contenido texto
Código de tipo de contenido txt
337 ## - TIPO DE MEDIO
Fuente rdamedia
Nombre del tipo de medio sin mediación
Código del tipo de medio n
338 ## - TIPO DE SOPORTE
Fuente rdacarrier
Nombre del tipo de soporte volumen
Código Tipo de soporte nc
490 1# - MENCIÓN DE SERIE
Mención de serie Testimonios
505 ## - NOTA DE CONTENIDO
Nota de contenido con formato preestablecido Fost mortem / Guillermo Martin Rodríguez. -- El olivo y sus raíces / Luis Alonso Schökel. -- Las huellas de Moisés. Lección clausural / Luis Alonso Schökel. -- Entrevista / Guillermo Martín Rodríguez. --Elogio del profesor doctor Luis Alonso Schökel / José Ramón Busto. -- Recuerdos de un profesor de literatura bíblica / Luis Alonso Schökel. -- La Biblia del Peregrino, operación cultural. Entrevista / José María Valverde y las traducciones bíblico-litúrgicas. In "memoriam" / Luis Alonso Schökel. -- Veinticinco años de traducciones litúrgicas / Luis Alonso Schökel. -- El Diccionario Bíblico Hebreo-Español. Entrevista Guillermo Martín Rodríguez. -- La Palabra inspirada (Luis Alonso Schökel) La noble artesanía del estilo. /Luis Alonso Schökel. -- Testimonios El candor del Padre Brown Francisco Pérez Gutiérrez. -- Recuerdos de convivencia / José O'Callaghan, S.J. -- Creador de una escuela exegética y de traducción. -- Carlo Maria Martini. -- Mis encuentros «vitales> con Luis Alonso Schökel /Joaquín L. Ortega. -- Retrato a lápiz sobre papel de acuarela / José María Cabodevilla. -- VI. Un personaje de la historia bíblica / Gonzalo Flor Serrano -- Como «el perfume que baja por la barba de Aarón> / José Luis SicreHomenaje. /José María Abrego. -- Escritor, escriturario, espejo / Eduardo Zurro Rodríguez. -- Con mi maestro / Lorenzo Tous. -- Biblia y oración / Max Taggi, S. J.-- Testimonios de una amistad. / Vicente Collado Bertomeu y Pepe Rodilla Martínez. -- Espiritualidad / Angel Tejerina, S. J. -- Con el carisma del comunicador (Pasquale Borgomeo, S. J.).. In memoriam (Vicente Collado Bertomeu). -- Bibliografía. -- Mi biografía en forma de bibliografía (Luis Alonso Schökel)........... Bibliografía completa (Eduardo Zurro).<br/>
563 ## - NOTA DE ENCUADERNACIÓN
Nota de encuadernación Rústico
650 #7 - ASIENTO SECUNDARIO DE MATERIA - TERMINO TEMÁTICO
Término temático o nombre geográfico como elemento de entrada Hermenéutica bíblica
Fuente del encabezamiento o término embne
9 (RLIN) 7333
653 ## - TÉRMINO DE INDIZACIÓN - NO CONTROLADO
Término no controlado Luis Alonso Schökel, S.J.
700 1# - ASIENTO SECUNDARIO - NOMBRE PERSONAL
Nombre personal Martín Rodríguez, Guillermo
Fechas asociadas con el nombre 1938-
Responsabilidad editor
830 #0 - PUNTO DE ACCESO ADICIONAL DE SERIE - TÍTULO UNIFORME
Título uniforme Testimonios (Ediciones Mensajero)
942 ## - TIPO DE MATERIAL (KOHA)
Tipo de Item KOHA Libros General
945 ## - INFORMACIÓN LOCAL DEL REGISTRO
Catalogador JTF-925
Existencias
Estado de Material Estado de Perdido Forma de Clasificación Estado de Dañado No para Préstamo Colección Biblioteca de Origen Biblioteca Permanente Fecha de Adquisición Área Total de Préstamos Signatura Topográfica Código de Barras Última vez visto Ejemplar/Existencia Fecha de Remplazo Tipo de Material
    Dewey Decimal Classification     Colección General Biblioteca FUSBC Biblioteca FUSBC 10/03/2023 BIOGRAFIA   G 800 SA115s 24308 10/03/2023 Ej. 1 10/03/2023 Libros General

Biblioteca FUSBC | Teléfono: (57+4) 349 88 10 Ext. 141| WhatsApp (+57) 3005338115 
E-mail: biblioteca@unisbc.edu.co | Calle 76 87-14 Robledo Palenque, Medellín, Colombia

Con tecnología Koha